Partidos políticos y elecciones (I)
Đã lưu trong:
| Định dạng: | Sách |
|---|---|
| Ngôn ngữ: | Spanish |
| Các nhãn: |
Thêm thẻ
Không có thẻ, Là người đầu tiên thẻ bản ghi này!
|
MARC
| LEADER | 00000nam a22000007a 4500 | ||
|---|---|---|---|
| 003 | cru CIDCACS/IIS | ||
| 005 | 20190301154428.0 | ||
| 007 | ta | ||
| 008 | 190301t1991 sp |||p|r||||||0| ||spa|d | ||
| 999 | |c 42225 |d 42225 | ||
| 040 | |c cru CIDCACS/IIS | ||
| 245 | 0 | |a Partidos políticos y elecciones (I) | |
| 300 | |a páginas 7-48 | ||
| 773 | 0 | |0 42224 |9 2711 |a Semanario de Estudios Políticos sobre América Latina (SEPLA) |d Madrid: SEPLA, 1991- |o 18246 |t América Latina: | |
| 942 | |2 ddc |c PP | ||
